al-Karmal : abḥāth fī al-lughah wa-al-adab

محفوظ في:

المؤلف الرئيسي: Shimʻūn. Blāṣ.

التنسيق: كتاب

اللغة: Undetermined

منشور في: Ḥayfā, : Jāmiʻat Ḥayfā, Ḥayfā,, 1999.

سلاسل: Silsilat Manshūrāt al-Karmal, 20

الوسوم: إضافة وسم

لا توجد وسوم, كن أول من يضع وسما على هذه التسجيلة!

رقم الطلب: (J)PJ7501 .K18

LEADER 00429nam a2200133Ia 4500
008 240329s9999||||xx |||||||||||||| ||und||
050 4 |a (J)PJ7501 .K18 
100 1 |a Shimʻūn. Blāṣ. 
245 1 0 |a al-Karmal : abḥāth fī al-lughah wa-al-adab  |c Shimʻūn. Blāṣ 
264 1 |a Ḥayfā, :  |b Jāmiʻat Ḥayfā, Ḥayfā,,  |c 1999. 
300 |a 245  |c 24 cm. 
490 0 |a  Silsilat Manshūrāt al-Karmal, 20 
942 |2 lcc  |c BK 
999 |c 57611  |d 57611